000 00614nam a2200193 a 4500
001 000041291
005 20201002034748.0
008 130930s1986 miua 001 0 spa d
020 _a0538108908
040 _aDO-SdBNP
_bSpa
_cBNPHU
082 _annn
_bnnn
100 1 _aSmith, Allen N.
_967908
100 1 _aMedley, Donald B.
_967909
245 1 0 _aAdvanced office systems /
_cAllen N. Smith, Wilma Jean Alexander, Donald B. Medley.
260 _aCincinnati :
_bSouth-Western Pub. Co.,
_c1986--.
300 _a620 p. :
_bil. ;
_c28 cm.
590 _aInventariado, 2019 /LP
700 1 _aJean Alexander, Wilma
_967910
999 _c40781
_d40781